|
|
|
|
| LEADER |
00000cam a2200000 a 4500 |
| 001 |
021211 |
| 003 |
AR-BeUNQ |
| 005 |
20250214144255.0 |
| 007 |
ta |
| 008 |
091027s2002||||ag e 000 fdspa d |
| 999 |
|
|
|c 20746
|d 96133
|
| 020 |
|
|
|a 9504908799
|
| 040 |
|
|
|a AR-BeUNQ
|b spa
|c AR-BeUNQ
|e aacr
|
| 082 |
0 |
4 |
|a 863
|2 21
|
| 100 |
1 |
|
|a Gorodischer, Angélica,
|9 3144
|d 1928-2022
|
| 245 |
1 |
0 |
|a Floreros de alabastro, alfombras de bokhara /
|c Angélica Gorodischer.
|
| 250 |
|
|
|b Ed. especial para La Nación.
|
| 260 |
|
|
|a Buenos Aires :
|b Planeta,
|c 2002.
|
| 300 |
|
|
|a 143 p. ;
|c 21 cm.
|
| 490 |
1 |
|
|a Biblioteca argentina La Nación
|
| 650 |
|
7 |
|a Literatura (Arte)
|2 spines
|
| 650 |
|
7 |
|a Literatura argentina
|2 ttll
|
| 650 |
|
7 |
|a Novelas
|2 ttll
|
| 830 |
|
0 |
|a Biblioteca argentina La Nación (Planeta).
|
| 929 |
|
|
|a DONACION
|b Dardo Paz Quiroz
|d 0,00
|e 20080724
|f PAT0024481
|g 1076 Exp. 827-0387/98
|j 44256
|
| 929 |
|
|
|a DONACION
|b Inés Vázquez
|e 20170306
|f 0066782
|g 2659
|j 61842
|
| 942 |
|
|
|c LIB
|n 0
|